Akta Cukai Keuntungan Harta Tanah 1976 (Akta 169) : mengandungi segala pindaan Januari 2019

Bibliographic Details
Corporate Author: Penasihat Undang-Undang MDC (Editor)
Format: Book
Language:Malay
Published: Kuala Lumpur : MDC Publisher Sdn Bhd 2019
Series:UNDANG-UNDANG MALAYSIA
Subjects:

MARC

LEADER 00000cam a2200000 7i4500
001 0000028855
005 20241125.0
008 200603 my may
040 |a INS   |b eng   |e rda 
090 0 0 |a KPG2832.A31967 2019 
110 1 |a Malaysia   |e jurisdiction governed 
245 1 0 |a Akta Cukai Keuntungan Harta Tanah 1976 (Akta 169) :   |b mengandungi segala pindaan Januari 2019   |c Disusun semula oleh Penasihat Undang-undang MDC 
264 1 |a Kuala Lumpur :   |b MDC Publisher Sdn Bhd   |c 2019 
300 |a xxx, 109 pages ;   |c 27 cm. 
336 |a text  |2 rdacontent 
337 |a unmediated  |2 rdamedia 
338 |a volume  |2 rdacarrier 
490 0 |a UNDANG-UNDANG MALAYSIA 
500 |a Diterbit dan dicetak pada November 2019. Tiada pindaan terbaru diantara tarikh buku ini dicetak dan diterbitkan 
650 0 |a Income tax   |x Law and legislation   |z Malaysia 
650 0 |a Taxation   |z Malaysia 
710 2 |a Penasihat Undang-Undang MDC   |e editor 
999 |a 1000003954   |b BOOK   |c Open Shelf   |e Default branch 
999 |a 1000003955   |b BOOK   |c Open Shelf   |e Default branch